Výstřely v mrazivé noci : skutečné kriminální příběhy /
Detektivní příběhy odehrávající se během první republiky v Čechách i na Moravě.
Uloženo v:
| Hlavní autor: | |
|---|---|
| Médium: | Kniha |
| Jazyk: | Czech |
| Vydáno: |
[Líbeznice] ;
Víkend,
2026
|
| Edice: | Krimi (Víkend)
|
| Témata: | |
| Celkem bylo vypůjčeno: | 1x |
| Tagy: |
Žádné tagy |
| LEADER | 02576nam a2200409 i 4500 | ||
|---|---|---|---|
| 001 | 106227 | ||
| 003 | CZ PrNK | ||
| 005 | 20260428161537.0 | ||
| 007 | ta | ||
| 008 | 260414s2026 xr a g 000 j cze | ||
| 015 | |a cnb003751397 | ||
| 020 | |a 9788072223541 |q (brožováno) : |c Kč 79,00 | ||
| 040 | |a ABG001 |b cze |e rda | ||
| 072 | 7 | |a 821.162.3-3 |x Česká próza |2 Konspekt |9 25 | |
| 080 | |a 821.162.3-32 |2 MRF | ||
| 080 | |a (0:82-322.4) |2 MRF | ||
| 100 | 1 | |a Šindelář, Vladimír, |d 1959- |7 jn20011018818 |4 aut |9 22038 | |
| 245 | 1 | 0 | |a Výstřely v mrazivé noci : |b skutečné kriminální příběhy / |c Vladimír Šindelář |
| 246 | 3 | 0 | |a Skutečné kriminální příběhy |
| 264 | 1 | |a [Líbeznice] ; |b Víkend, |c 2026 | |
| 300 | |a 142 stran : |b ilustrace ; |c 19 cm | ||
| 336 | |a text |b txt |2 rdacontent | ||
| 337 | |a bez média |b n |2 rdamedia | ||
| 338 | |a svazek |b nc |2 rdacarrier | ||
| 490 | 1 | |a Krimi, |x 1213-2187 ; |v 1 | |
| 500 | |a Na obálce nad názvem: Skutečné případy | ||
| 520 | 2 | |a Detektivní příběhy odehrávající se během první republiky v Čechách i na Moravě. |b Za časů první republiky se loupilo, vraždilo a kradlo stejně jako v dobách předešlých i budoucích. Některé z těchto starých smutných příběhů vám chce přiblížit i tato knížka. Dočtete se například, kdo zavraždil dva řezníky u Kardašovy Řečice, proč musel zemřít oblíbený trafikant v Mladé Boleslavi rukou vraha, kdo zavraždil manželku učitele o jejím svátku v moravských Trstěnicích nebo proč došlo k vyvraždění selské rodiny ve středočeských Ježovicích. Dozvíte se, jaký zločin spáchal strážník Václav Hejkal a proč musela zemřít vražednou rukou stará chudobná prodavačka v Přerově nad Labem. Přečtete si, jak skončila nešťastná láska mladého tankisty na Olomoucku a také kdo zastřelil továrníka Klímu v pražské Bubenči. A protože osud si někdy rád trochu zažertuje, dozvíte se také, jak neslavně dopadlo vloupání tří lupičů do liberecké tržnice. Nakladatelská anotace. | |
| 655 | 7 | |a české povídky |7 fd133971 |2 czenas |9 54028 | |
| 655 | 7 | |a detektivní povídky |7 fd132008 |2 czenas |9 53534 | |
| 655 | 9 | |a Czech short stories |2 eczenas | |
| 655 | 9 | |a detective short stories |2 eczenas | |
| 710 | 2 | |a Vydavatelství Víkend |7 xx0221436 |4 pbl | |
| 830 | 0 | |a Krimi (Víkend) | |
| 910 | |a UOG502 | ||
| 942 | |2 ddc |c KN | ||
| 999 | |d 106227 | ||
| 993 | |0 0 |1 421180106953 |2 ddc |4 0 |7 0 |9 99570 |b 0 |c 106953 |d 2026-04-28 |e 1 |f DOSP |h 79.00 |i Koupě |l DOSP |q 2026-06-11 |r 2026-04-30 |s 2026-04-30 |t 6 |w 2026-04-28 |y KN |z KRIMI |n | ||